00346nam a2200121Ia 4500003000400000008004100004020001500045040000800060100001600068245009600084260003700180300000700217LDD181029s9999 xx 000 0 und d a812080726X cLDD aCowell, E.B 4aThe Jataka or stories of the Buddha's former birthsbtranslated from the pali bcE.B Cowell aDelhibMotilal Banarsidassc1985 a2v